000 00889nmm a2200277 a 4500
001 ocm000940845
003 TR-IsHL
005 20201028145906.0
008 150110s2011 tu tur
007 cr cn
020 _a9786055539429
035 _a940845
_b(N$T)
050 0 4 _aPL248.C3534
_bK88 2011
090 0 4 _aPL248.C3534
_bK88 2011
100 1 _aÇalık, Kemalettin
245 1 0 _aKutsal tabut: Ahit Sandığı'nın peşinde
_h[electronic resource] /
_cKemalettin Çalık
250 _a1. basım.
260 _aİstanbul :
_bParaf Yayınları,
_c2011
300 _a353 p.
650 4 _aDil ve Edebiyat
650 4 _aLanguage and Literature
650 0 _aTürk romanı
650 0 _aTurkish fiction
650 7 _aLITERARY COLLECTIONS / Middle Eastern
_2bisacsh
856 4 0 _uhttp://search.ebscohost.com/login.aspx?direct=true&scope=site&db=e011xww&AN=940845
999 _c10188
_d10188